| 000 | 00856nam a2200289Ia 4500 | ||
|---|---|---|---|
| 001 | 0084 | ||
| 003 | DO-SdBNP | ||
| 005 | 20220822091508.0 | ||
| 008 | 140604s2002 dr 000 0 und d | ||
| 020 | _a9993402494 | ||
| 040 |
_aBPMSU _bspa _cBPMSU |
||
| 082 |
_a155.282 _bS583e _222 |
||
| 100 | 1 | _a Silié Gatón, José A. | |
| 245 | 1 |
_aEducación del carácter / _cJosé A. Silié Gatón ; prólogo Francisco Mauro Castillo C. |
|
| 260 |
_aSanto Domingo : _bBanco Central de la República Dominicana, _c2002 |
||
| 300 |
_a262 p. ; _c23 cm. |
||
| 500 | _aIncluye referencias bibliográficas y notas al pie de las páginas | ||
| 650 | 4 | _aCarácter. | |
| 650 | 4 | _aPersonalidad. | |
| 650 | 4 | _aTemperamento. | |
| 700 |
_a Castillo C., Mauro _epról. |
||
| 852 | _t | ||
| 856 | _3 | ||
| 856 | _u | ||
| 910 | _aVMateo V. | ||
| 942 |
_2ddc _cBK |
||
| 999 |
_c13226 _d13226 |
||